Normal view
MARC view
- Allen, H.C
Entry Personal Name
001 - CONTROL NUMBER
- control field: 8961
003 - CONTROL NUMBER IDENTIFIER
- control field: NUST
005 - DATE AND TIME OF LATEST TRANSACTION
- control field: 20180118184519.0
008 - FIXED-LENGTH DATA ELEMENTS
- fixed length control field: 180118|| aca||aabn | a|a d
040 ## - CATALOGING SOURCE
- Original cataloging agency: NUST
- Transcribing agency: NUST
100 ## - HEADING--PERSONAL NAME
- Personal name: Allen, H.C
670 ## - SOURCE DATA FOUND
- Source citation: Work cat.: (NUST)243266: Allen, H.C, Great Britain & the United States
